| 000 | 00477nam a2200157Ia 4500 | ||
|---|---|---|---|
| 003 | GCL | ||
| 005 | 20240530102353.0 | ||
| 008 | 140319s9999 xx 000 0 ara d | ||
| 040 |
_aGCL / _cGCL |
||
| 082 | 0 | 4 |
_a811.009 _bع م |
| 100 | 0 | _aعلى الحديدى | |
| 245 | 1 | 0 |
_aمحمود سامى البارودى شاعر النهضة / _cعلى الحديدى |
| 260 |
_a[S.N] : _bمكتبة الانجلوالمصرية ، _c1990 |
||
| 300 | _a455 ص. | ||
| 942 |
_2ddc _cBK |
||
| 999 |
_c31778 _d31778 |
||